000 00854ngm a22003130a 4500
001 PT42245
003 AR-LpoUNG
005 20210201235927.0
007 vd cvaizq
008 191001s2010||||ag |||||||||||||||||spa d
037 _c$7.50
040 _aAR-LpoUNG
_bspa
_cAR-LpoUNG
_eaacr
041 _aspa
044 _aag
082 0 _a808.068 623mun
245 1 0 _aExplora tu mundo Hi-5
260 _aBuenos Aires :
_bDifusión,
_c2010.
300 _aDVD (110 min.) : son., col.
520 _aHi-5 invita a los niños a compartir activamente el entusiasmo por conocer el mundo que los rodea.
651 4 _aDOCUMENTOS TEORICOS O METODOLOGICOS
653 _aANIMACION
653 _aDVD
653 _aVIDEOS
653 _aVIDEOS DIDACTICOS
653 _aVIDEOS INFANTILES
710 2 _aHi 5 operations
905 _a42245
942 _cDVD
999 _c53787
_d53787